NFL Starting Four 2022-23 - Statistics

General Stats
  • This quiz has been taken 5,345 times
    4,544 since last reset
  • The average score is 72 of 128
Answer Stats
Hint Answer % Correct
Arizona Cardinals QB Kyler Murray
97%
Buffalo Bills QB Josh Allen
84%
Baltimore Ravens QB Lamar Jackson
83%
WR Keenan Allen
82%
WR DeAndre Hopkins
80%
WR AJ Brown
79%
New England Patriots QB Mac Jones
79%
RB Aaron Jones
78%
New York Giants QB Daniel Jones
78%
WR/TE Marquise Brown
78%
WR/TE Zay Jones
78%
WR Amon-Ra St. Brown
77%
Denver Broncos QB Russell Wilson
77%
WR Garrett Wilson
76%
Cincinnati Bengals QB Joe Burrow
76%
WR Stefon Diggs
76%
New York Jets QB Zach Wilson
76%
Los Angeles Chargers QB Justin Herbert
75%
Green Bay Packers QB Aaron Rodgers
74%
Dallas Cowboys QB Dak Prescott
74%
Las Vegas Raiders QB Derek Carr
74%
RB Khalil Herbert
74%
WR DeVante Adams
73%
Seattle Seahawks QB Geno Smith
73%
WR Ja'Marr Chase
73%
WR JuJu Smith-Schuster
73%
Kansas City Chiefs QB Patrick Mahomes
73%
RB Dalvin Cook
72%
WR/TE DeVonta Smith
72%
Detroit Lions QB Jared Goff
72%
Minnesota Vikings QB Kirk Cousins
72%
Los Angeles Rams QB Matthew Stafford
72%
WR Tyreek Hill
72%
Cleveland Browns QB Deshaun Watson
71%
Chicago Bears QB Justin Fields
70%
WR Justin Jefferson
70%
Miami Dolphins QB Tua Tagovailoa
70%
WR CeeDee Lamb
69%
RB Joe Mixon
68%
WR/TE Travis Kelce
68%
WR Cooper Kupp
67%
Philadelphia Eagles QB Jalen Hurts
67%
RB Josh Jacobs
67%
WR/TE Mike Williams
67%
RB Nick Chubb
67%
Jacksonville Jaguars QB Trevor Lawrence
66%
RB Derrick Henry
65%
WR/TE Mark Andrews
65%
WR/TE Hunter Henry
64%
Tampa Bay Buccaneers QB Tom Brady
64%
WR/TE Tee Higgins
63%
WR Amari Cooper
62%
RB Christian McCaffrey
62%
WR DJ Moore
61%
WR/TE Jaylen Waddle
61%
Atlanta Falcons QB Marcus Mariota
61%
RB Saquon Barkley
61%
WR/TE Kyle Pitts
60%
WR Deebo Samuel
58%
Pittsburgh Steelers QB Kenny Pickett
58%
WR Mike Evans
58%
RB Austin Ekeler
57%
Houston Texans QB Davis Mills
57%
Carolina Panthers QB PJ Walker
57%
WR DK Metcalf
57%
San Francisco 49ers QB Jimmy Garoppolo
57%
RB Jonathan Taylor
57%
RB Kenneth Walker III
57%
RB Najee Harris
57%
RB Alvin Kamara
56%
WR/TE Corey Davis
56%
WR/TE Gabriel Davis
56%
WR/TE George Kittle
56%
WR/TE Curtis Samuel
55%
WR Diontae Johnson
55%
RB D'Andre Swift
54%
WR/TE Darren Waller
54%
WR Drake London
54%
WR Michael Thomas
54%
Tennessee Titans QB Ryan Tannehill
54%
WR Courtland Sutton
53%
RB Devin Singletary
53%
RB JK Dobbins
53%
WR/TE Allen Robinson
51%
WR/TE Jerry Jeudy
51%
WR/TE Tyler Lockett
51%
RB Zeke Elliott
51%
WR/TE Adam Thielen
50%
WR/TE Chris Godwin
50%
RB Miles Sanders
50%
New Orleans Saints QB Andy Dalton
49%
WR Christian Kirk
48%
WR Michael Pittman Jr.
48%
RB Raheem Mostert
48%
RB Travis Etienne
47%
RB Breece Hall
46%
RB Cordarrelle Patterson
44%
WR/TE Dalton Schultz
44%
WR/TE David Njoku
44%
RB Rhamondre Stevenson
44%
WR Brandin Cooks
43%
WR Darnell Mooney
43%
WR/TE George Pickens
43%
RB Leonard Fournette
43%
WR Terry McLaurin
43%
WR Allen Lazard
41%
WR/TE Chris Olave
40%
RB Dameon Pierce
40%
WR/TE Cole Kmet
39%
RB Clyde Edwards-Helaire
37%
WR Jakobi Meyers
32%
Washington Commanders QB Taylor Heinicke
31%
RB Melvin Gordon
30%
RB Antonio Gibson
28%
WR Darius Slayton
28%
WR/TE Robert Tonyan
26%
RB Darrell Henderson
25%
WR/TE Nico Collins
24%
WR/TE Robert Woods
24%
WR Devin Duvernay
23%
RB D’Onta Foreman
23%
WR Treylon Burks
23%
WR/TE Richie James
20%
Indianapolis Colts QB Sam Ehlinger
17%
RB Eno Benjamin
14%
WR/TE Josh Reynolds
14%
WR/TE Parris Campbell
10%
WR/TE Terrace Marshall Jr.
10%
No matching quizzes found
Score Distribution
Percent of People with Each Score
Percentile by Number Answered
Your Score History
You have not taken this quiz since the last reset